LDR 00942naa#a2200217#i#450# 001 RU\\bibl\121381 005 20260429161557.3 011 ## _a1994-4683 100 ## _a20230531b2023####ek#y0rusy0150####ca 102 ## _aRU 200 1# _aКРУГОВАЯ ТРЕНИРОВКА КАК СРЕДСТВО ЭФФЕКТИВНОЙ ПОДГОТОВКИ ФУТБОЛИСТОВ 12-14 ЛЕТ _eЖурнальная статья 210 1# _aМосква _cНациональный государственный Университет физической культуры, спорта и здоровья им. П.Ф. Лесгафта _d2023 215 ## _a5 с. 608 ## _aЖурнальная статья _2local 675 ## _aФутбол. 796.332 _z 700 #1 _aАлдиабат _gХ Т 700 #1 _aКудрявцев _gМ Д 700 #1 _aКулиев _gВ К 700 #1 _aДенискин _gВ В 700 #1 _aПанов _gЕ В 856 4# _auchzapiski.lesgaft.spb.ru _u